La Fuerza de la sangre : novela ejemplar / Cervantes ; edición anotada por J. Givanel Mas novela ejemplar / Cervantes ; edición anotada por J. Givanel Mas
Descripción Física:
XXXVI, 26 p. ; 25 cm
MARC
| LEADER | 00000nam a2200000Ia 4500 | ||
|---|---|---|---|
| 001 | 13879 | ||
| 008 | 160829s1943 xx 000 0 cat d | ||
| 080 | |a L-1-383 | ||
| 100 | 1 | |a Cervantes Saavedra, Miguel de, |9 54910 |e autor |d 1547-1616 | |
| 245 | |a La Fuerza de la sangre : |b novela ejemplar / Cervantes ; edición anotada por J. Givanel Mas | ||
| 260 | |a Barcelona : |b Imprenta - Escuela de la Casa Provincial de Caridad, |c 1943 | ||
| 300 | |a XXXVI, 26 p. ; |c 25 cm | ||
| 490 | |a Publicaciones Cervantinas / patrocinadas por Juan Sedó Peris-Mencheta. Segunda serie ; 2 | ||
| 590 | |a Notes, referències bibliogràfiques | ||
| 700 | 1 | |a Givanel Mas, J. |q (Joan), |d 1868-1946 |e editor literari |9 24868 | |
| 700 | 1 | |a Sedó i Peris-Mencheta, Joan, |d 1908-1966 |9 23966 | |
| 901 | |a Arxiu | ||
| 942 | |n 1 |2 udc | ||
| 952 | |0 0 |1 0 |4 0 |6 L1383 |7 1 |9 45330 |a Arxiu |b Arxiu |d 2016-12-01 |l 0 |o L-1-383 |p 13879 |r 2016-12-01 00:00:00 |w 2016-12-01 |y ARXIU | ||
| 999 | |c 48404 |d 48404 | ||